000 00478nam a22001817a 4500
999 _c2972
_d2929
008 170612b xxu||||| |||| 00| | tur d
020 _a9752893198
041 _atur
050 _aPL248.E725
100 _91161
_aErdoğan, Aslı
245 _aBir Delinin Güncesi Toplu Denemeler 1
250 _a1. Baskı
260 _aİstanbul:
_bEverest Yayınları,
_cTemmuz 2006
300 _a166 sayfa
500 _aDeneme: 23
650 0 _9145
_aTürk Edebiyatı
942 _2lcc
_cBK